000
00314nam a2200121Ia 4500
008
220803s9999 xx 000 0 und d
041
_a
eng
082
_a
741.2 DOS
100
_a
Doshi B
_9
30206
245
_a
Acrobat The Yogi And The Sangathi
260
_b
"Vastu Shilpa Foundation, Ahmedabad"
_c
2006
300
_a
26p
999
_c
19029
_d
19029